|
|
|
|
| LEADER |
00000naa2a2200000 4500 |
| 001 |
399026 |
| 005 |
20231101065148.0 |
| 035 |
|
|
|a (RuTPU)RU\TPU\prd\39906
|
| 035 |
|
|
|a RU\TPU\prd\39905
|
| 090 |
|
|
|a 399026
|
| 100 |
|
|
|a 20051124a2005 k y0rusy50 ca
|
| 101 |
0 |
|
|a rus
|
| 102 |
|
|
|a RU
|
| 200 |
1 |
|
|a Серые документы и распределенный библиотечно-информационный фонд
|f Г.П. Старущенко, Н. М. Хомякова
|
| 320 |
|
|
|a Библиогр.: 13 назв.
|
| 461 |
|
0 |
|0 (RuTPU)RU\TPU\prd\1594
|x 0130-9765
|t Научные и технические библиотеки
|o ежемесячный сборник по вопросам теории и практики библиотечного дела
|f Государственная публичная научно-техническая библиотека России
|d 1994-
|
| 463 |
|
0 |
|0 (RuTPU)RU\TPU\prd\39694
|t № 9
|v С. 22-29
|d 2005
|
| 610 |
1 |
|
|a библиотечные фонды
|
| 610 |
1 |
|
|a комплектование
|
| 610 |
1 |
|
|a серые документы
|
| 610 |
1 |
|
|a хранение
|
| 700 |
|
1 |
|a Старущенко
|b Г.П.
|g Галина Петровна
|
| 701 |
|
1 |
|a Хомякова
|b Н. М.
|g Наталья Михайловна
|
| 801 |
|
1 |
|a RU
|b 63413507
|c 20051124
|g PSBO
|
| 801 |
|
2 |
|a RU
|b 63413507
|c 20060608
|g PSBO
|
| 942 |
|
|
|c BK
|